Публицистика 1900 - 1923 (Запис номер 191086)
[ съкратено ]
| 000 -Лидер | |
|---|---|
| Контролно поле с фиксирана дължина | 03043nam a2200445 c 4500 |
| 003 - Код на организацията, давaща контролен номер | |
| Контролно поле | BLK |
| 005 - Дата и час на последна редакция | |
| Контролно поле | 20250128005459.0 |
| 008 - Елементи от данни с фиксирана дължина | |
| fixed length control field | 180411b bul|||||r ||||||| ||bul|| |
| 010 ## - Наследен системен номер | |
| LC control number | KNG00200240000 |
| 020 ## - Международен стандартен номер на книга ISBN | |
| Международен стандартен номер на книга ISBN | 978-619-7066-09-8 |
| -- | издат.: Партнер БГ - на том(кн. 1) |
| 040 ## - Източник на каталожния запис | |
| Идентификатор на билиотеката - собственик на записа | BLK |
| 041 ## - Код за език | |
| Код за езика на текст/звукозапис или на отделно заглавие | Български |
| Код за езика КДБФ | Български |
| 072 #7 - Код за тематичната категория | |
| Код организация | bullib |
| Код за тематична категория | Н92 |
| Текст | История Н |
| 080 ## - УДК | |
| Текстов определител УДК | България в началото на ХХ в. (1901-1908) |
| УДК код - определител по УДК | 94(497.2)"1901/1908" |
| УДК определител | /.053.1(093) |
| УДК - код + определител | 94(497.2)"1901/1908"/.053.1(093) |
| 100 ## - Редна дума - Автор | |
| Автор | Стамболийски, Александър Стоименов |
| Връзка | Стамболийски, Александър |
| Дати, свързани с автора | 1879 - 1923 |
| Автор - информация (биография) | Виден деец и идеолог на БЗНС |
| R(LIN) | 367195 |
| 139 ## - Редно поле | |
| Редна дума | Стамболийски, Александър Стоименов |
| Авторски знак | Стамбо - С 65 |
| 245 10 - Сведения за заглавието | |
| Заглавие | Публицистика 1900 - 1923 |
| Подзаглавни данни | Кн. 1 - |
| Редно поле (дума) | Александър Стоименов Стамболийски; състав. Цветанка Христова Панчева; състав. Милена Асенова Стамболийска; състав. Радка Петкова Трендафилова. |
| Том | Кн. 1 |
| Заглавие на том | 1900 - 1909 |
| 257 ## - Страна на издаване | |
| Страна на създаване/издаване | България |
| 260 ## - Област на издателските данни | |
| -- | София |
| Година на издаване | 2016 - |
| 300 ## - Физическа характеристика | |
| Размери/Мащаб | 32 см |
| 380 ## - Жанр | |
| Жанр | Обществени науки |
| 500 ## - Общи забележки | |
| Забележка | Загл. и на англ. ез.: Political journalism 1900-1923. - Други състав.: Радка Трендафилова, Цветанка Панчева ; Името на ред. отбелязано на гърба на загл. с. - Изд. на Фонд. Музей Александър Стамболийски |
| 650 #0 - Допълнително описание по предмет – тема | |
| Основно описание – тема или топоним | България - история - извори |
| 9 (RLIN) | 254752 |
| 650 #4 - Допълнително описание по предмет – тема | |
| Основно описание – тема или топоним | Стамболийски, Александър Стоименов |
| 9 (RLIN) | 367195 |
| 651 #4 - Допълнително описание по предмет - топоним | |
| Географско понятие | България |
| 9 (RLIN) | 241624 |
| 653 ## - Ключова дума – ненормативна | |
| Ключова дума | Стамболийски |
| 653 ## - Ключова дума – ненормативна | |
| Ключова дума | публицистика |
| 653 ## - Ключова дума – ненормативна | |
| Ключова дума | история |
| 659 ## - Тематичен бюлетин | |
| Тематичен бюлетин | Н |
| 700 1# - Други автори (авторска отговорност) | |
| Лично име | Панчева, Цветанка Христова |
| 9 (RLIN) | 371495 |
| 700 1# - Други автори (авторска отговорност) | |
| Лично име | Стамболийска, Милена Асенова |
| Автороска отговорност (Описва отношението между автора и произведението) | състав. |
| 9 (RLIN) | 283210 |
| 700 1# - Други автори (авторска отговорност) | |
| Лично име | Трендафилова, Радка Петкова |
| Автороска отговорност (Описва отношението между автора и произведението) | състав. |
| 9 (RLIN) | 368474 |
| 760 1# - Описание на основната серия | |
| -- | - на том(кн. 1) |
| Редна дума на основното описание | Стамболийски, Александър Стоименов |
| Място на издаване, издател и година | Партнер БГ, 2016 |
| Страници - том | 669 с. : с ил. |
| Забележка - том | Публицистиката на Александър Стамболийски - опит за историческа реконструкция на идеите и позициите му / Цветанка Панчева: с. 9-17. - Биографични бележки за Ал. Стамболийски ; Реформаторската дейност на Ал. Стамболийски / Никола Д. Петков: с. 19-31 |
| Заглавие | Кн. 1 1900 - 1909 |
| 852 ## - Местоположение | |
| Форматна сигнатура | Цб ІІ 21683 |
| 856 4# - Електронен адрес и достъп | |
| Електронен формат | pdf - файл |
| Път до файла /url/ | |
| 856 4# - Електронен адрес и достъп | |
| Електронен формат | pdf - файл |
| Път до файла /url/ | |
| 942 ## - АРТИКУЛИ | |
| Вид на библиотечния материал | Книги |
| Скрит в OPAC | Не |
| 944 ## - СЪЗДАВАНЕ И РЕДАКЦИЯ на ЗАПИСА | |
| Създаване/Редакция | Създаване |
| Дата на регистрацията/редакция | 08.02.2017 |
| Служител, извършил регистрацията/редакцията | |
| Статус, дата на статуса | CRON CRON |
| 944 ## - СЪЗДАВАНЕ И РЕДАКЦИЯ на ЗАПИСА | |
| Създаване/Редакция | Редакция |
| Дата на регистрацията/редакция | 21.02.2017 |
| Служител, извършил регистрацията/редакцията | Симона_Петрова |
| 999 ## - СИСТЕМНИ КОНТРОЛНИ НОМЕРА | |
| Koha biblionumber | 191086 |
| Koha biblioitemnumber | 191086 |
| Код за отписване | Код за изгубен артикул | Код за повреда | Коз за рестрикции | Код за отдаване | Артикулен № | Име на библиотеката - собственик | Име на библиотеката, в която се намира в момента | Статус (Текущо местоположение) | Дата на вписване в системата | Местоположение - отдел | Цена в лева | Инвентарен номер | Систематично азбучна сигнатура | Баркод | Номер на екземпляра | Цена в евро | Служебна бележка | Служебен тип на артикула |
|---|---|---|---|---|---|---|---|---|---|---|---|---|---|---|---|---|---|---|
| Не е изгубен | Не е повреден | без рестрикции | ползва се в читалня | 335815 | Регионална библиотека "Любен Каравелов" Русе | Регионална библиотека "Любен Каравелов" Русе | Хранилище | 2017-02-10 | Хранилище | 50.00 | 120000808333 | Цб ІІ 21683 | 120000808333 | 1 | 25.56 | Дост: Dp Вид: Д N: 2 Дата: 05.01.2017 | Книги |